Kinh nghiệm điện khí hoá nông thôn của Việt Nam : Nhà nước và nhân dân, trung ương và địa phương cùng làm
Quyển sách này ghi chép lại sự phát triển của chương trình điện khí hoá nông thôn của Việt Nam. Nó thảo luận về vai trò của chính phủ, của quốc gia, chính quyền địa phương, các cộng đồng địa phương, và các đối tác phát triển quốc tế của...
Zapisane w:
| Korporacja: | |
|---|---|
| Format: | Książka |
| Język: | Undetermined |
| Wydane: |
Hà Nội
Ngân hàng Thế giới (WB)
2011
|
| Hasła przedmiotowe: | |
| Etykiety: |
Dodaj etykietę
Nie ma etykietki, Dołącz pierwszą etykiete!
|
| Thư viện lưu trữ: | Trung tâm Học liệu Trường Đại học Cần Thơ |
|---|
| LEADER | 01443nam a2200217Ia 4500 | ||
|---|---|---|---|
| 001 | CTU_174309 | ||
| 008 | 210402s9999 xx 000 0 und d | ||
| 082 | |a 333.791 | ||
| 082 | |b W927 | ||
| 110 | |a Ngân hàng Thế giới (WB) | ||
| 245 | 0 | |a Kinh nghiệm điện khí hoá nông thôn của Việt Nam : | |
| 245 | 0 | |b Nhà nước và nhân dân, trung ương và địa phương cùng làm | |
| 245 | 0 | |c Ngân hàng Thế giới (WB) | |
| 260 | |a Hà Nội | ||
| 260 | |b Ngân hàng Thế giới (WB) | ||
| 260 | |c 2011 | ||
| 520 | |a Quyển sách này ghi chép lại sự phát triển của chương trình điện khí hoá nông thôn của Việt Nam. Nó thảo luận về vai trò của chính phủ, của quốc gia, chính quyền địa phương, các cộng đồng địa phương, và các đối tác phát triển quốc tế của đất nước trong việc theo đuổi chương trình điện khí hóa nông thôn. Và đặc biệt là tác động của điện khí hóa vào cuộc sống của người dân. | ||
| 650 | |a Electric energy,Electric policy,Năng lượng điện,Chính sách điện | ||
| 650 | |z Vietnam,Vietnam,Việt Nam,Việt Nam | ||
| 904 | |i KTrang, Trọng Hiếu | ||
| 980 | |a Trung tâm Học liệu Trường Đại học Cần Thơ | ||